Informácia o Centre ďalšieho vzdelávania Ekonomickej univerzity v Bratislave

Zameranie Centra ďalšieho vzdelávania EU v Bratislave so zameraním na manažérske, podnikateľské, marketingové a ekonomické disciplíny. Ponuka vzdelávacích aktivít na r. 1997.

Gespeichert in:
Bibliographische Detailangaben
1. Verfasser: Kuzmová, A.
Format: Buchkapitel
Sprache:Slowakisch
Schlagworte:
Tags: Tag hinzufügen
Keine Tags, Fügen Sie das erste Tag hinzu!

MARC

LEADER 00000naa a2200000 4500
001 r028164
005 20230918075011.3
041 0 |a slo 
044 |a SK 
245 1 0 |a Informácia o Centre ďalšieho vzdelávania Ekonomickej univerzity v Bratislave  |c A. Kuzmová 
520 |a Zameranie Centra ďalšieho vzdelávania EU v Bratislave so zameraním na manažérske, podnikateľské, marketingové a ekonomické disciplíny. Ponuka vzdelávacích aktivít na r. 1997. 
610 2 0 |a Centrum ďalšieho vzdelávania Ekonomickej univerzity v Bratislave 
610 2 0 |a vzdelávanie ďalšie 
610 2 0 |a podnikanie 
610 2 0 |a manažment 
610 2 0 |a marketing 
610 2 0 |a ekonómia 
610 2 0 |a informácie 
100 1 |a Kuzmová, A.